Datos estadísticos del sector agropecuario. Informe a diciembre de 1984
Պահպանված է:
| Հիմնական հեղինակ: | |
|---|---|
| Ձևաչափ: | Տեքստ |
| Հրապարակվել է: |
San José:
Banco Central de Costa Rica
|
| Ցուցիչներ: |
Ավելացրեք ցուցիչ
Չկան պիտակներ, Եղեք առաջինը, ով նշում է այս գրառումը!
|
MARC
| LEADER | 00000 a a2200000 04500 | ||
|---|---|---|---|
| 001 | 14096 | ||
| 003 | |||
| 040 | |||
| 090 | |a 002600 | ||
| 100 | |a Chaves Carranza, José Antonio | ||
| 245 | |a Datos estadísticos del sector agropecuario. Informe a diciembre de 1984 | ||
| 260 | |a San José: |b Banco Central de Costa Rica | ||
| 300 | |a 45 p. | ||
| 999 | |c 11572 |d 11572 | ||
